| 000 | 01231nam a2200325 a 4500 | ||
|---|---|---|---|
| 001 | 000114474 | ||
| 003 | CHAP | ||
| 005 | 20220329144443.0 | ||
| 008 | 180201s2017 mx a fsm |||||||spa d | ||
| 010 | _a110935 | ||
| 011 | _a111907 | ||
| 040 | _cCHAP | ||
| 090 | _aTesis | ||
| 100 | 1 |
_aCorrea Islas, Javier de Jesús _9134559 |
|
| 245 | 1 | 0 |
_aProcesos de degradación de tierras y desertificación bajo escenarios de cambio climático en Coixtlahuaca Oaxaca / _h[En línea] _cpor Javier de Jesús Correa Islas. |
| 260 |
_aChapingo, Méx. : _bEl autor, _c2017. |
||
| 500 | _aPara ver el contenido del material haga clic en la liga | ||
| 502 | _aTesis (Ing. en Recursos Naturales Renovables) -- UACH. Departamento de Suelos | ||
| 590 |
_aE8697GMM _b05 _c20180201 _lUCH01 _h0933 |
||
| 590 |
_aE8697GMM _b05 _c20180201 _lUCH01 _h0956 |
||
| 590 |
_aE8697GMM _b05 _c20180201 _lUCH01 _h1009 |
||
| 650 | 1 | 4 |
_aDesarrollo sustentable _zOaxaca. _932106 |
| 650 | 1 | 4 |
_aDesertificación _xMapas _zOaxaca. _9134560 |
| 650 | 1 | 4 |
_aSuelos _xConservación _xOaxaca. _9110310 |
| 650 | 1 | 4 |
_aSuelos _xDegradación. _9110336 |
| 856 |
_aFinding aid _uhttp://10.13.5.2/tesis/sist114474.pdf _zTeclea aquí |
||
| 901 | _aBK | ||
| 942 | _cTESIS | ||
| 942 | _n0 | ||
| 999 |
_c110935 _d110935 |
||